000 00470nam a2200193 i 4500
001 00000000030716
003 OSt
005 20140829114145.0
008 020226s1968 esp 001 1 spa d
040 _cBMC
082 _a863.3
245 0 3 _aLa vida de Estebanillo González
_cAnónimo
250 _a3ª ed
260 _aMadrid
_bEspasa-Calpe
_c1968
300 _a254 p.
_c19 cm
490 _aAustral
_v396
630 0 4 _9395
_aEstebanillo González
942 _2ddc
_cBK
999 _c293
_d293